[Event "CPV-ch"]
[Site "Mindelo"]
[Date "2021.11.20"]
[Round "6"]
[White "Lopes Pereira, Eder"]
[Black "Teixeira, Gil Antonio Mendes"]
[Result "0-1"]
[WhiteElo "1854"]
[BlackElo "1674"]
[PlyCount "82"]
[EventDate "2021.11.15"]
[EventType "tourn"]
[EventRounds "9"]
[EventCountry "KAP"]
[SourceTitle "CBM 205 Extra"]
[Source "ChessBase"]
[SourceDate "2022.01.31"]
[SourceVersion "1"]
[SourceVersionDate "2022.01.31"]
[SourceQuality "1"]

1. e4 d6 2. Nf3 e6 3. d4 Nd7 4. Bc4 Ngf6 5. e5 dxe5 6. dxe5 Ne4 7. Qe2 Nec5 8. 0-0 Be7 9. b4 Na4 10. Rd1 0-0 11. Qe4 c6 12. Bd3 g6 13. Bh6 Re8 14. Qf4 Nb2 15. Nc3 Nxd1 16. Rxd1 Bf8 17. Ne4 Bg7 18. Bg5 Qc7 19. Nd6 Rf8 20. Bc4 Nb6 21. Bb3 Nd5 22. Bxd5 exd5 23. Bf6 Qd7 24. h3 Bxf6 25. exf6 Qd8 26. g4 Re8 27. g5 Re6 28. Nxc8 Rxc8 29. Ne5 Qd6 30. Nd3 Qxf4 31. Nxf4 Re4 32. Nd3 Rce8 33. Kf1 h6 34. f4 Re3 35. Rd2 Rxh3 36. Kg2 Ree3 37. Ne5 hxg5 38. fxg5 Reg3+ 39. Kf2 Rxg5 40. Nf3 Rf5 41. Rd3 Rxf6 0-1

[Event "Maranhense-ch"]
[Site "Sao Luis"]
[Date "2018.12.??"]
[Round "5"]
[White "Lopes Pereira, Eder"]
[Black "Lobato, Nivaldo"]
[Result "0-1"]
[WhiteElo "1854"]
[BlackElo "1984"]
[PlyCount "110"]
[EventDate "2018.12.07"]
[EventType "swiss"]
[EventRounds "5"]
[EventCountry "BRA"]
[SourceTitle "EXT 2022"]
[Source "ChessBase"]
[SourceDate "2021.10.06"]
[SourceVersion "1"]
[SourceVersionDate "2021.10.06"]
[SourceQuality "1"]

1. Nf3 d5 2. g3 g6 3. Bg2 Bg7 4. d3 Nf6 5. 0-0 c6 6. Nbd2 0-0 7. c3 Re8 8. Re1 e5 9. e4 dxe4 10. dxe4 Qc7 11. Qc2 b6 12. b3 Ba6 13. Ba3 Rd8 14. Bf1 Bxf1 15. Rxf1 Bf8 16. Bxf8 Kxf8 17. a4 a6 18. Rfe1 Nbd7 19. Rad1 b5 20. b4 c5 21. Qb3 c4 22. Qc2 Nb6 23. a5 Na4 24. Nb1 Ng8 25. h3 f6 26. Nh2 Ne7 27. Ng4 Kg7 28. Qc1 Ng8 29. Ne3 Ne7 30. Ng4 g5 31. Ne3 Rxd1 32. Rxd1 Rd8 33. Rxd8 Qxd8 34. Qd1 Qxd1+ 35. Nxd1 f5 36. f3 f4 37. g4 Ng6 38. Kf2 Nh4 39. Nd2 Kf7 40. Nb1 Ke7 41. Nd2 Kd6 42. Nb1 Ng6 43. Nd2 Ne7 44. Ke2 Nc6 45. Nb1 h5 46. Kd2 h4 47. Ke2 Nxc3+ 48. Ndxc3 Nxb4 49. Na3 Kc5 50. Kd2 Nc6 51. Nd5 b4 52. Nb1 c3+ 53. Ndxc3 bxc3+ 54. Nxc3 Nd4 55. Nd5 Nxf3+ 0-1

[Event "Maranhao LMX op final 28th"]
[Site "Santa Luzia"]
[Date "2018.11.16"]
[Round "4"]
[White "Borges, Wagner da Silva"]
[Black "Lopes Pereira, Eder"]
[Result "0-1"]
[WhiteElo "2166"]
[BlackElo "1789"]
[PlyCount "25"]
[EventDate "2018.11.14"]
[EventType "tourn"]
[EventRounds "9"]
[EventCountry "BRA"]
[SourceTitle "EXT 2022"]
[Source "ChessBase"]
[SourceDate "2021.10.06"]
[SourceVersion "1"]
[SourceVersionDate "2021.10.06"]
[SourceQuality "1"]

1. e4 c5 2. Nf3 d6 3. d4 cxd4 4. Nxd4 Nf6 5. Nc3 a6 6. Bg5 e6 7. f4 Be7 8. Qf3 Qc7 9. 0-0-0 Nc6 10. Nxc6 bxc6 11. e5 Nd5 12. Bxe7 Qxe7 13. exd6 0-1

[Event "Maranhao LMX op final 28th"]
[Site "Santa Luzia"]
[Date "2018.11.16"]
[Round "5"]
[White "Lopes Pereira, Eder"]
[Black "Silva Filho, Dombosco Lima"]
[Result "1-0"]
[WhiteElo "1789"]
[BlackElo "1571"]
[PlyCount "53"]
[EventDate "2018.11.14"]
[EventType "tourn"]
[EventRounds "9"]
[EventCountry "BRA"]
[SourceTitle "EXT 2022"]
[Source "ChessBase"]
[SourceDate "2021.10.06"]
[SourceVersion "1"]
[SourceVersionDate "2021.10.06"]
[SourceQuality "1"]

1. Nf3 Nf6 2. g3 d5 3. Bg2 e6 4. d3 c5 5. 0-0 Be7 6. Nbd2 0-0 7. c3 Nbd7 8. Qc2 b6 9. e4 dxe4 10. dxe4 Bb7 11. Re1 Rc8 12. e5 Nd5 13. Ne4 Qc7 14. Neg5 g6 15. a3 a5 16. c4 Bxg5 17. Bxg5 f6 18. Bh6 Ne7 19. Bxf8 Rxf8 20. exf6 Rxf6 21. Qc3 Qc6 22. Nh4 Qc7 23. Bxb7 Qxb7 24. Rad1 Kf7 25. Re3 g5 26. Nf3 h6 27. Rxd7 1-0

[Event "Imperatriz LMX Maranhense 26th"]
[Site "Imperatriz"]
[Date "2018.07.15"]
[Round "5.4"]
[White "Lopes Pereira, Eder"]
[Black "Pontes, Israel Fellip Da Si"]
[Result "0-1"]
[WhiteElo "1809"]
[BlackElo "1956"]
[PlyCount "56"]
[EventDate "2018.07.26"]
[EventType "swiss"]
[EventRounds "5"]
[EventCountry "BRA"]
[SourceTitle "EXT 2022"]
[Source "ChessBase"]
[SourceDate "2021.10.06"]
[SourceVersion "1"]
[SourceVersionDate "2021.10.06"]
[SourceQuality "1"]

1. Nf3 Nf6 2. g3 d5 3. Bg2 Nbd7 4. 0-0 e5 5. d3 Bd6 6. Nbd2 0-0 7. e4 c6 8. Re1 Re8 9. Nf1 Nf8 10. c3 dxe4 11. dxe4 Ne6 12. Qc2 Qc7 13. Bd2 h6 14. Rad1 b5 15. Nh4 Ng5 16. Bxg5 hxg5 17. Nf5 Bf8 18. Qc1 Nh7 19. Rd3 g6 20. N5e3 Be6 21. c4 b4 22. b3 a5 23. Red1 Bc5 24. Nc2 a4 25. Nce3 Qb6 26. Qb2 axb3 27. axb3 Nf6 28. Qd2 Kg7 0-1

[Event "Maranhese-ch 25th"]
[Site "Itapecuru"]
[Date "2018.05.26"]
[Round "3"]
[White "Leitao, Nicolau Daulibe"]
[Black "Lopes Pereira, Eder"]
[Result "1/2-1/2"]
[WhiteElo "2128"]
[BlackElo "1776"]
[PlyCount "88"]
[EventDate "2018.05.25"]
[EventType "swiss"]
[EventRounds "5"]
[EventCountry "BRA"]
[SourceTitle "CBM 184 Extra"]
[Source "ChessBase"]
[SourceDate "2018.06.28"]
[SourceVersion "1"]
[SourceVersionDate "2018.06.28"]
[SourceQuality "1"]

1. d4 Nf6 2. c4 g6 3. Nc3 Bg7 4. e4 d6 5. Nf3 0-0 6. h3 Nbd7 7. Bg5 c5 8. d5 a6 9. Qc2 Qa5 10. Bd2 Qc7 11. Be2 Re8 12. 0-0 Nf8 13. Rfe1 e6 14. a4 exd5 15. cxd5 Bd7 16. Bf4 h6 17. Nd2 g5 18. Bg3 Ng6 19. Nc4 Nf4 20. Bxf4 gxf4 21. a5 Nh7 22. Nb6 Rad8 23. Nxd7 Qxd7 24. Qd2 Be5 25. Bd1 Qe7 26. Qe2 Kh8 27. Qh5 Rg8 28. Bg4 Qf6 29. Qf5 Rg7 30. Qxf6 Bxf6 31. Kf1 Rdg8 32. Ra3 Be5 33. Rb3 f6 34. Nb1 Rb8 35. Nd2 Ng5 36. Nc4 Kg8 37. Rb6 Rd8 38. Ra1 Kf8 39. Ra3 Rc7 40. Rab3 Rb8 41. Nxd6 Bxd6 42. Rxd6 Nxe4 43. Rbb6 Nxd6 44. Rxd6 Kg7 1/2-1/2

[Event "Maranhao op 24th"]
[Site "Santa Luzia"]
[Date "2018.03.24"]
[Round "2"]
[White "Aguiar, Davi De Almeida"]
[Black "Lopes Pereira, Eder"]
[Result "1/2-1/2"]
[WhiteElo "1604"]
[BlackElo "1778"]
[PlyCount "109"]
[EventDate "2018.03.23"]
[EventType "swiss"]
[EventRounds "5"]
[EventCountry "BRA"]
[SourceTitle "EXT 2019"]
[Source "ChessBase"]
[SourceDate "2018.10.10"]
[SourceVersion "1"]
[SourceVersionDate "2018.10.10"]
[SourceQuality "1"]

1. e4 d6 2. Nf3 Nf6 3. Nc3 g6 4. Bc4 Bg7 5. d3 0-0 6. 0-0 e5 7. Bg5 c6 8. Qd2 Qc7 9. Rad1 Bg4 10. Qe2 b5 11. Bb3 b4 12. Nb1 a5 13. h3 Bxf3 14. Qxf3 Nbd7 15. Nd2 h6 16. Bxf6 Bxf6 17. c3 Bg7 18. cxb4 axb4 19. Rc1 Nc5 20. Bc4 Ra7 21. Nb3 Nd7 22. Ra1 Nb6 23. Rfc1 Nxc4 24. Rxc4 c5 25. Nc1 Qe7 26. a3 Rfa8 27. Qe2 bxa3 28. bxa3 Rxa3 29. Rxa3 Rxa3 30. Qb2 Qa7 31. Kh2 h5 32. Rc3 Rxc3 33. Qxc3 Bh6 34. Qc2 Bxc1 35. Qxc1 Qa2 36. f3 Qf2 37. Qb1 Qd4 38. Qb3 Kg7 39. Qc4 Qxc4 40. dxc4 f5 41. g3 fxe4 42. fxe4 Kf6 43. g4 hxg4 44. hxg4 g5 45. Kg2 Ke7 46. Kf2 Kd7 47. Ke2 Kc7 48. Kd2 Kb6 49. Kc3 Ka6 50. Kb3 Ka5 51. Ka3 Kb6 52. Kb3 Kc6 53. Ka4 Kd7 54. Kb5 Kc7 55. Ka5 1/2-1/2

[Event "Caxias LMX Maranhense 20th"]
[Site "Caxias do Sul"]
[Date "2017.08.26"]
[Round "3.3"]
[White "De S Oliveira, Francinato Meneze"]
[Black "Lopes Pereira, Eder"]
[Result "1/2-1/2"]
[WhiteElo "2003"]
[BlackElo "1764"]
[PlyCount "87"]
[EventDate "2017.08.25"]
[EventType "swiss"]
[EventRounds "5"]
[EventCountry "BRA"]
[SourceTitle "EXT 2022"]
[Source "ChessBase"]
[SourceDate "2021.10.06"]
[SourceVersion "1"]
[SourceVersionDate "2021.10.06"]
[SourceQuality "1"]

1. e4 c5 2. Nf3 d6 3. d4 cxd4 4. Nxd4 Nf6 5. Nc3 a6 6. Bc4 e6 7. Bb3 Be7 8. Be3 0-0 9. 0-0 Qc7 10. f4 b5 11. f5 e5 12. Nde2 Bb7 13. Nd5 Nxd5 14. Bxd5 Nd7 15. Nc3 Nf6 16. Bxb7 Qxb7 17. Bg5 Rfd8 18. Bxf6 Bxf6 19. Nd5 Bg5 20. c3 f6 21. Qd3 Rac8 22. a4 Ra8 23. Ra2 bxa4 24. Rfa1 h5 25. Rxa4 Qxb2 26. R4a2 Qb7 27. Rb1 Qa7+ 28. Kf1 Rab8 29. Rba1 Ra8 30. Ra5 Rab8 31. Rxa6 Qb7 32. Nb4 Qb5 33. Rd1 Qxd3+ 34. Rxd3 Rbc8 35. Nd5 Kf8 36. Nb4 Rc4 37. Nc6 Rc8 38. Rxd6 Rxc3 39. g3 Rc7 40. Nd8 Rc8 41. Ne6+ Kg8 42. Rab6 Ra8 43. Ra6 Rb8 44. Rab6 1/2-1/2

[Event "Caxias LMX Maranhense 20th"]
[Site "Caxias do Sul"]
[Date "2017.08.26"]
[Round "2.6"]
[White "Lopes Pereira, Eder"]
[Black "Aguiar, Davi De Almeida"]
[Result "1-0"]
[WhiteElo "1764"]
[BlackElo "1542"]
[PlyCount "47"]
[EventDate "2017.08.25"]
[EventType "swiss"]
[EventRounds "5"]
[EventCountry "BRA"]
[SourceTitle "EXT 2022"]
[Source "ChessBase"]
[SourceDate "2021.10.06"]
[SourceVersion "1"]
[SourceVersionDate "2021.10.06"]
[SourceQuality "1"]

1. g3 Nf6 2. Bg2 e5 3. d3 Nc6 4. Nf3 Be7 5. 0-0 d6 6. c3 Be6 7. Nbd2 h6 8. e4 Qd7 9. d4 Bh3 10. Qa4 Bxg2 11. Kxg2 Nb8 12. Qb3 b6 13. dxe5 Ng4 14. exd6 Bxd6 15. Nc4 0-0 16. h3 Nxf2 17. Rxf2 Bc5 18. Be3 Bxe3 19. Nxe3 Re8 20. Rd1 Qc6 21. Qd5 Rxe4 22. Qxc6 Nxc6 23. Nd5 Rae8 24. Nxc7 1-0

[Event "Maranhense-ch"]
[Site "Sao Luis"]
[Date "2016.01.17"]
[Round "6"]
[White "Lopes Pereira, Eder"]
[Black "Almeida, Fernando Medrado"]
[Result "0-1"]
[WhiteElo "1681"]
[BlackElo "1931"]
[PlyCount "50"]
[EventDate "2016.01.15"]
[EventType "swiss"]
[EventRounds "6"]
[EventCountry "BRA"]
[SourceTitle "CBM 170 Extra"]
[Source "ChessBase"]
[SourceDate "2016.02.25"]
[SourceVersion "1"]
[SourceVersionDate "2016.02.25"]
[SourceQuality "1"]

1. d4 e6 2. c4 d5 3. Nf3 Nf6 4. Bg5 Be7 5. e3 a6 6. Nc3 Nbd7 7. Bd3 c5 8. cxd5 Nxd5 9. Bxe7 Qxe7 10. 0-0 0-0 11. Rc1 cxd4 12. Nxd4 N7f6 13. a3 Rd8 14. Qe2 Nf4 15. exf4 Rxd4 16. Ne4 Nd5 17. g3 Bd7 18. Bb1 Bc6 19. Qh5 Nxf4 20. gxf4 Bxe4 21. Qe5 Bf3 22. h3 Qh4 23. Kh2 Rxf4 24. Rc3 g5 25. Qe3 g4 0-1

[Event "Maranhense-ch"]
[Site "Sao Luis"]
[Date "2016.01.15"]
[Round "1"]
[White "Lopes Pereira, Eder"]
[Black "Lobato, Nivaldo"]
[Result "1-0"]
[WhiteElo "1681"]
[BlackElo "2095"]
[PlyCount "83"]
[EventDate "2016.01.15"]
[EventType "swiss"]
[EventRounds "6"]
[EventCountry "BRA"]
[SourceTitle "CBM 170 Extra"]
[Source "ChessBase"]
[SourceDate "2016.02.25"]
[SourceVersion "1"]
[SourceVersionDate "2016.02.25"]
[SourceQuality "1"]

1. d4 Nf6 2. c4 g6 3. Nc3 d5 4. Qb3 dxc4 5. Qxc4 Bg7 6. Bg5 c6 7. Bxf6 Bxf6 8. e3 0-0 9. Nf3 Qb6 10. Qb3 Be6 11. Qxb6 axb6 12. Be2 b5 13. a4 Nd7 14. 0-0 bxa4 15. Nxa4 Ra7 16. Nc3 Rfa8 17. Rxa7 Rxa7 18. Nd2 Nb6 19. Nde4 Bg7 20. Nc5 Bc4 21. Bxc4 Nxc4 22. b3 b6 23. bxc4 bxc5 24. Ne2 Ra2 25. Re1 Rc2 26. dxc5 e5 27. Kf1 Rxc4 28. Rc1 Ra4 29. Ng3 f5 30. Ne2 Bf8 31. f4 Ra5 32. fxe5 Rxc5 33. Rxc5 Bxc5 34. Nd4 Bxd4 35. exd4 Kf7 36. Ke2 Ke6 37. Kd3 Kd5 38. h4 h6 39. Ke3 c5 40. dxc5 Kxc5 41. Kf4 Kd5 42. h5 1-0

[Event "BRA-ch Amateur"]
[Site "Sao Paulo"]
[Date "2015.04.03"]
[Round "7"]
[White "Santos, Marcos Correia"]
[Black "Lopes Pereira, Eder"]
[Result "0-1"]
[WhiteElo "1531"]
[BlackElo "1649"]
[PlyCount "72"]
[EventDate "2015.04.30"]
[EventType "swiss"]
[EventRounds "7"]
[EventCountry "BRA"]
[SourceTitle "EXT 2022"]
[Source "ChessBase"]
[SourceDate "2021.10.06"]
[SourceVersion "1"]
[SourceVersionDate "2021.10.06"]
[SourceQuality "1"]

1. e4 c5 2. Nc3 a6 3. f4 d6 4. Nf3 Nf6 5. g3 e6 6. Bg2 Be7 7. 0-0 0-0 8. d3 Nc6 9. h3 Qc7 10. g4 b5 11. g5 Ne8 12. Ne2 d5 13. Bd2 dxe4 14. dxe4 Bb7 15. Qe1 Nd6 16. Nh2 Nc4 17. Rb1 Rad8 18. Bc3 b4 19. Bxg7 Kxg7 20. Qh4 Nd2 21. Qh6+ Kh8 22. Rbd1 Nxf1 23. Rxd8 Qxd8 24. Kxf1 Nd4 25. Ng3 Rg8 26. Ng4 Bxg5 27. Qh5 Bxf4 28. Nh6 Bxh6 29. Qe5+ Bg7 30. Qxc5 Qf6+ 31. Kg1 Nf3+ 32. Kh1 Qd4 33. Qxd4 Nxd4 34. Nf1 Nxc2 35. Nd2 Bd4 36. Nf3 Rxg2 0-1

[Event "Maranhense-ch"]
[Site "Sao Luis"]
[Date "2014.12.??"]
[Round "3"]
[White "Lopes Pereira, Eder"]
[Black "Damous, Felipe Soares"]
[Result "1-0"]
[WhiteElo "1691"]
[BlackElo "2096"]
[PlyCount "89"]
[EventDate "2014.12.05"]
[EventType "swiss"]
[EventRounds "5"]
[EventCountry "BRA"]
[SourceTitle "EXT 2022"]
[Source "ChessBase"]
[SourceDate "2021.10.06"]
[SourceVersion "1"]
[SourceVersionDate "2021.10.06"]
[SourceQuality "1"]

1. d4 Nf6 2. c4 e6 3. Nc3 Bb4 4. Qc2 0-0 5. Nf3 b6 6. a3 Bxc3+ 7. Qxc3 Ne4 8. Qc2 Bb7 9. g3 f5 10. Bg2 c5 11. 0-0 cxd4 12. Nxd4 Qf6 13. Rd1 Nc6 14. Nb5 a6 15. Rxd7 axb5 16. Rxb7 Nd4 17. Qd1 Rad8 18. e3 Nc5 19. exd4 Nxb7 20. Bxb7 Qxd4 21. Qxd4 Rxd4 22. Be3 Rxc4 23. Ba6 Rc2 24. b4 e5 25. Bxb5 f4 26. gxf4 exf4 27. Ba4 Rc3 28. Bxb6 Ra8 29. Ba5 f3 30. Bd7 Kf8 31. a4 Ke7 32. Bg4 g6 33. Re1+ Kf6 34. h3 h5 35. Bd7 g5 36. Bb6 Rc4 37. Bc5 g4 38. h4 Rc2 39. a5 Re2 40. Kf1 Rxe1+ 41. Kxe1 Rd8 42. Ba4 Kf5 43. a6 Kf4 44. Be3+ Ke4 45. Bc6+ 1-0

[Event "Castanhal op 3rd"]
[Site "Castanhal"]
[Date "2014.10.10"]
[Round "1"]
[White "Lopes Pereira, Eder"]
[Black "Perdomo, Leandro Daniel"]
[Result "0-1"]
[WhiteElo "1668"]
[BlackElo "2422"]
[PlyCount "122"]
[EventDate "2014.10.10"]
[EventType "swiss"]
[EventRounds "6"]
[EventCountry "BRA"]
[SourceTitle "EXT 2018"]
[Source "ChessBase"]
[SourceDate "2017.10.13"]
[SourceVersion "1"]
[SourceVersionDate "2017.10.13"]
[SourceQuality "1"]

1. d4 Nf6 2. c4 g6 3. Nc3 Bg7 4. e4 d6 5. g3 0-0 6. Bg2 Nc6 7. Nge2 e5 8. 0-0 exd4 9. Nxd4 Nxd4 10. Qxd4 Ng4 11. Qd2 Ne5 12. b3 Qf6 13. Bb2 Nf3+ 14. Bxf3 Qxf3 15. Qd1 Bg4 16. Qxf3 Bxf3 17. Rfe1 Rfe8 18. Re3 Bxe4 19. Nxe4 Bxb2 20. Rae1 Kg7 21. g4 Re6 22. Kg2 Rae8 23. h4 h6 24. Kf3 Bd4 25. R3e2 Re5 26. Ng3 R8e6 27. Rxe5 Bxe5 28. Ne4 Bf6 29. Rh1 c6 30. h5 d5 31. cxd5 cxd5 32. Nc5 Re7 33. Rd1 b6 34. Nd3 gxh5 35. gxh5 Rc7 36. Nb4 d4 37. Nd5 Rc2 38. Nxf6 Kxf6 39. Rxd4 Rxa2 40. b4 Kg5 41. Rd5+ f5 42. Kg3 Ra3+ 43. f3 a5 44. bxa5 Rxa5 45. f4+ Kxh5 46. Rd6 Ra3+ 47. Kf2 Rb3 48. Rd5 Kg4 49. Rd6 h5 50. Rh6 h4 51. Kg2 Rb2+ 52. Kg1 b5 53. Rh8 b4 54. Rh7 b3 55. Rh8 Rc2 56. Rb8 b2 57. Rb7 Kxf4 58. Rb4+ Kg5 59. Rb8 Rc1+ 60. Kh2 b1Q 61. Rg8+ Kf6 0-1